000 01031ngm a2200217 a 4500
005 20210223120754.0
008 991125s1998 mx 060 aaspa u
035 _aUPN01000006774
049 _aAV
050 4 _aPV1 P 0724
100 1 _aSarmiento, Valeria
245 1 0 _aCarlos Fuentes :
_bun viaje por el tiempo /
_cValeria Sarmiento, Guy Scarpetta.
260 _aMéxico :
_bCanal 22 :
_bCNCA,
_c1998.
300 _a1 Videocasete (VHS) (60 min.) :
_bson., col.
440 0 _aLiteratura
500 _aElenco: Demián Bichir, Pilar Pellicer, Pedro Armendáriz Jr. (La región más transparente)
520 _aDocumental que presenta un retrato del país a través de la mirada de Carlos Fuentes, su vida y su obra. Se desglosan de una forma estética sus obras, la interrelación con la política y la historia hasta el análisis de la situación del país dentro de los cambios vertiginosos del siglo XX
600 1 4 _aFUENTES, CARLOS,
_d1928-2012
651 4 _aMEXICO -
_xHISTORIA CONTEMPORANEA
_921879
905 _aAudiovisuales
999 _c6774
_d6774